[Event "Almansa op-A 12th"]
[Site "Almansa"]
[Date "2017.08.02"]
[Round "3"]
[White "Nicolas Zapata, Irene"]
[Black "Ramos Ferrandis, Juan Carlos"]
[Result "0-1"]
[WhiteElo "2287"]
[BlackElo "2061"]
[PlyCount "52"]
[EventDate "2017.08.01"]
[EventType "swiss"]
[EventRounds "9"]
[EventCountry "ESP"]
[SourceTitle "CBM 179 Extra"]
[Source "ChessBase"]
[SourceDate "2017.08.23"]
[SourceVersion "1"]
[SourceVersionDate "2017.08.23"]
[SourceQuality "1"]

1. d4 Nf6 2. Nf3 e6 3. e3 b6 4. Bd3 Bb7 5. 0-0 c5 6. c4 Be7 7. Nc3 cxd4 8. exd4 d5 9. cxd5 Nxd5 10. Ne5 0-0 11. Qg4 Nxc3 12. bxc3 Nc6 13. Bh6 g6 14. Nxg6 fxg6 15. Bxg6 Kh8 16. Bxh7 Rg8 17. Bxg8 Qxg8 18. Qh3 Qh7 19. Qxe6 Rg8 20. Bf4 Rxg2+ 21. Kxg2 Nxd4+ 22. f3 Nxe6 23. Bg3 Qg6 24. Rae1 Bd6 25. Kf2 Bc5+ 26. Kg2 Ba6 0-1

[Event "Aragon-chT Honor GrB"]
[Site "Aragon"]
[Date "2017.02.18"]
[Round "4.17"]
[White "Nicolas Zapata, Irene"]
[Black "Cifuentes Parada, Roberto"]
[Result "0-1"]
[WhiteElo "2252"]
[BlackElo "2478"]
[PlyCount "42"]
[EventDate "2017.01.28"]
[EventType "team-tourn"]
[EventRounds "7"]
[EventCountry "ESP"]
[SourceTitle "EXT 2018"]
[Source "ChessBase"]
[SourceDate "2017.10.13"]
[SourceVersion "1"]
[SourceVersionDate "2017.10.13"]
[SourceQuality "1"]
[WhiteTeam "Teruel"]
[BlackTeam "Jaque"]
[WhiteTeamCountry "ESP"]
[BlackTeamCountry "ESP"]

1. Nf3 d5 2. c4 c6 3. g3 Nf6 4. Bg2 Bg4 5. 0-0 e6 6. b3 a5 7. Bb2 a4 8. bxa4 Nbd7 9. d4 Qa5 10. Qb3 Qxa4 11. Nbd2 Bb4 12. Bc3 Bxc3 13. Qxc3 0-0 14. e4 Rfd8 15. e5 Ne8 16. Qb3 Bxf3 17. Bxf3 dxc4 18. Qxb7 c3 19. Bd1 Qa3 20. Ne4 Nf8 21. Rb1 g6 0-1

[Event "Aragon-chT Honor GrA"]
[Site "Aragon"]
[Date "2016.03.12"]
[Round "7.13"]
[White "Nicolas Zapata, Irene"]
[Black "Adla, Diego Gustavo"]
[Result "0-1"]
[WhiteElo "2239"]
[BlackElo "2410"]
[PlyCount "102"]
[EventDate "2016.01.30"]
[EventType "team-tourn"]
[EventRounds "7"]
[EventCountry "ESP"]
[SourceTitle "EXT 2018"]
[Source "ChessBase"]
[SourceDate "2017.10.13"]
[SourceVersion "1"]
[SourceVersionDate "2017.10.13"]
[SourceQuality "1"]
[WhiteTeam "Teruel"]
[BlackTeam "St Casablanca"]
[WhiteTeamCountry "ESP"]
[BlackTeamCountry "ESP"]

1. Nf3 c5 2. c4 g6 3. g3 Bg7 4. Bg2 Nc6 5. Nc3 e6 6. 0-0 Nge7 7. d3 0-0 8. Bf4 e5 9. Be3 d6 10. Nd5 Nxd5 11. cxd5 Ne7 12. Ne1 f5 13. f4 exf4 14. Bxf4 Bxb2 15. Rb1 Bg7 16. Nf3 h6 17. h4 b6 18. d4 Qd7 19. dxc5 bxc5 20. Qd3 Rd8 21. Nd2 Qa4 22. Kh2 Kh7 23. Qc4 Qa5 24. Nb3 Qxa2 25. Bxd6 Rxd6 26. Qxc5 Qa6 27. Na5 Bd7 28. Nb7 Be5 29. Qe3 Bf6 30. Qc5 Be5 31. Qe3 Bf6 32. Qc5 Rxd5 33. Bxd5 Nxd5 34. Qxd5 Qxe2+ 35. Qg2 Qxg2+ 36. Kxg2 a5 37. Nxa5 Rxa5 38. Rb7 Rd5 39. Rc1 Kg8 40. Rcc7 Be8 41. Rc8 Re5 42. Rbb8 Kf7 43. Rb7+ Re7 44. Rb6 Bd7 45. Rc7 Be5 46. Rc1 Be6 47. Kh2 Bd5 48. Rb5 Be4 49. Rc8 Rc7 50. Rd8 Rc2+ 51. Kg1 Bxg3 0-1

[Event "ESP-ch 80th"]
[Site "Linares"]
[Date "2015.08.24"]
[Round "2"]
[White "Alvarado Diaz, Alejandro"]
[Black "Nicolas Zapata, Irene"]
[Result "1-0"]
[WhiteElo "2408"]
[BlackElo "2203"]
[PlyCount "49"]
[EventDate "2015.08.23"]
[EventType "swiss"]
[EventRounds "9"]
[EventCountry "ESP"]
[SourceTitle "EXT 2016"]
[Source "ChessBase"]
[SourceDate "2015.10.08"]
[SourceVersion "1"]
[SourceVersionDate "2015.10.08"]
[SourceQuality "1"]

1. d4 Nf6 2. c4 g6 3. g3 Bg7 4. Bg2 0-0 5. Nf3 d6 6. Nc3 Nbd7 7. 0-0 e5 8. e4 exd4 9. Nxd4 Re8 10. h3 c6 11. Be3 Nc5 12. Qc2 a5 13. Rad1 Qe7 14. Rfe1 a4 15. f4 Qc7 16. Bf2 Bd7 17. Nf3 b6 18. g4 Be6 19. Bxc5 bxc5 20. Nxa4 Qa5 21. b3 Qb4 22. e5 dxe5 23. Nxe5 Bd7 24. Qd2 Qb7 25. g5 1-0

[Event "ESP-ch (Women)"]
[Site "Linares"]
[Date "2015.08.21"]
[Round "9"]
[White "Matnadze, Ana"]
[Black "Nicolas Zapata, Irene"]
[Result "1/2-1/2"]
[WhiteElo "2368"]
[BlackElo "2203"]
[PlyCount "47"]
[EventDate "2015.08.15"]
[EventType "swiss"]
[EventRounds "9"]
[EventCountry "ESP"]
[SourceTitle "EXT 2016"]
[Source "ChessBase"]
[SourceDate "2015.10.08"]
[SourceVersion "1"]
[SourceVersionDate "2015.10.08"]
[SourceQuality "1"]

1. d4 Nf6 2. e3 g6 3. f4 Bg7 4. Nf3 d6 5. c4 0-0 6. Be2 b6 7. Nc3 Bb7 8. d5 c6 9. e4 cxd5 10. exd5 Nbd7 11. 0-0 b5 12. cxb5 Qb6+ 13. Kh1 a6 14. bxa6 Bxa6 15. Bxa6 Qxa6 16. Be3 Rfc8 17. Nd4 Nb6 18. Qf3 Qb7 19. Rad1 Nbxd5 20. Ndb5 Rcb8 21. Nxd5 Nxd5 22. Nxd6 exd6 23. Rxd5 Rxa2 24. Rxd6 1/2-1/2

[Event "ESP-ch (Women)"]
[Site "Linares"]
[Date "2015.08.18"]
[Round "6"]
[White "Collado Barbas, Laura"]
[Black "Nicolas Zapata, Irene"]
[Result "0-1"]
[WhiteElo "2137"]
[BlackElo "2203"]
[PlyCount "78"]
[EventDate "2015.08.15"]
[EventType "swiss"]
[EventRounds "9"]
[EventCountry "ESP"]
[SourceTitle "EXT 2016"]
[Source "ChessBase"]
[SourceDate "2015.10.08"]
[SourceVersion "1"]
[SourceVersionDate "2015.10.08"]
[SourceQuality "1"]

1. d4 Nf6 2. c4 g6 3. Nc3 Bg7 4. e4 d6 5. Nf3 0-0 6. h3 e5 7. d5 Nh5 8. Nh2 Qe8 9. Be2 Nf4 10. Bf3 f5 11. Nf1 Na6 12. g3 Nh5 13. exf5 Nf6 14. fxg6 Qxg6 15. Ne3 Nc5 16. 0-0 Bxh3 17. Bg2 Bd7 18. Qc2 e4 19. Rb1 a5 20. b3 Bh6 21. Qe2 Rae8 22. Ncd1 Nd3 23. Bb2 Ne5 24. Bxe5 Rxe5 25. Re1 Bg5 26. Qc2 Qg7 27. Nf1 h5 28. Nc3 h4 29. Nxe4 Nxe4 30. Bxe4 hxg3 31. fxg3 Rfe8 32. Qd3 Qe7 33. Nd2 Bxd2 34. Qxd2 Rxe4 35. Rxe4 Qxe4 36. Qg5+ Kh7 37. Qh5+ Kg7 38. Rf1 Qe3+ 39. Kh1 Re7 0-1

[Event "ESP-ch (Women)"]
[Site "Linares"]
[Date "2015.08.18"]
[Round "5"]
[White "Nicolas Zapata, Irene"]
[Black "Vega Gutierrez, Sabrina Neide"]
[Result "0-1"]
[WhiteElo "2203"]
[BlackElo "2381"]
[PlyCount "96"]
[EventDate "2015.08.15"]
[EventType "swiss"]
[EventRounds "9"]
[EventCountry "ESP"]
[SourceTitle "EXT 2016"]
[Source "ChessBase"]
[SourceDate "2015.10.08"]
[SourceVersion "1"]
[SourceVersionDate "2015.10.08"]
[SourceQuality "1"]

1. Nf3 d5 2. d4 c6 3. c4 e6 4. g3 dxc4 5. Bg2 b5 6. Ne5 Bb7 7. a4 f6 8. Nf3 Na6 9. 0-0 Nc7 10. Nc3 Ne7 11. e4 b4 12. Ne2 c5 13. Qc2 b3 14. Qb1 cxd4 15. Nfxd4 e5 16. Nb5 Nc6 17. Be3 Nxb5 18. axb5 Nd4 19. Nxd4 exd4 20. Rd1 Bc5 21. Qc1 Qb6 22. Bd2 c3 23. bxc3 Qxb5 24. Qb2 dxc3 25. Bxc3 0-0 26. Rdb1 Rae8 27. Ra5 Qb6 28. Qxb3+ Qxb3 29. Rxb3 Bb6 30. Ra4 Rc8 31. h4 Bc6 32. Rc4 Bd7 33. Rxc8 Rxc8 34. Bd2 Rc2 35. Be3 Be6 36. Ra3 Bxe3 37. fxe3 Ra2 38. Rc3 a5 39. Rc6 Kf7 40. Bf1 Ra1 41. Kf2 a4 42. Rc7+ Kf8 43. Rc6 Ke7 44. Rc7+ Kd6 45. Rxg7 a3 46. Ra7 a2 47. Ra6+ Kc5 48. Be2 Rb1 0-1

[Event "ESP-ch (Women)"]
[Site "Linares"]
[Date "2015.08.16"]
[Round "3"]
[White "Nicolas Zapata, Irene"]
[Black "Vega Gutierrez, Belinda Vidina"]
[Result "1-0"]
[WhiteElo "2203"]
[BlackElo "2149"]
[PlyCount "121"]
[EventDate "2015.08.15"]
[EventType "swiss"]
[EventRounds "9"]
[EventCountry "ESP"]
[SourceTitle "EXT 2016"]
[Source "ChessBase"]
[SourceDate "2015.10.08"]
[SourceVersion "1"]
[SourceVersionDate "2015.10.08"]
[SourceQuality "1"]

1. Nf3 d5 2. d4 c6 3. c4 e6 4. e3 f5 5. Bd3 Nf6 6. 0-0 Bd6 7. b3 Qe7 8. a4 b6 9. Ba3 c5 10. Nc3 cxd4 11. Bxd6 Qxd6 12. Nb5 Qd8 13. cxd5 Nxd5 14. e4 fxe4 15. Bxe4 Na6 16. Nbxd4 Nc5 17. Nc6 Qd6 18. Bxd5 exd5 19. Re1+ Ne6 20. Rc1 0-0 21. Qxd5 Qxd5 22. Ne7+ Kh8 23. Nxd5 Bb7 24. Nxb6 Bxf3 25. gxf3 Nd4 26. Nxa8 Nxf3+ 27. Kg2 Nxe1+ 28. Rxe1 Rxa8 29. b4 h6 30. Re7 a6 31. Rb7 Rc8 32. Rb6 Rc4 33. a5 h5 34. Kf3 Kh7 35. Ke3 h4 36. f4 h3 37. Kf3 Rd4 38. f5 Rc4 39. Kg3 Rc3+ 40. Kg4 Rb3 41. Rxa6 Rxb4+ 42. Kxh3 Rf4 43. Rb6 Rxf5 44. a6 Ra5 45. Kg4 Ra2 46. h4 Ra4+ 47. Kg5 Ra5+ 48. Kf4 Ra4+ 49. Ke5 Rxh4 50. Kd6 Rc4 51. Rc6 Ra4 52. Kc7 g6 53. Kb7 Kh6 54. a7 Rxa7+ 55. Kxa7 Kh5 56. Kb6 g5 57. Kc5 Kg4 58. Kd4 Kf3 59. Rf6+ Kg3 60. Ke3 g4 61. Rg6 1-0

[Event "ESP-ch (Women)"]
[Site "Linares"]
[Date "2015.08.15"]
[Round "1"]
[White "Nicolas Zapata, Irene"]
[Black "Garcia Rodriguez, Sara"]
[Result "1/2-1/2"]
[WhiteElo "2203"]
[BlackElo "1953"]
[PlyCount "106"]
[EventDate "2015.08.15"]
[EventType "swiss"]
[EventRounds "9"]
[EventCountry "ESP"]
[SourceTitle "EXT 2016"]
[Source "ChessBase"]
[SourceDate "2015.10.08"]
[SourceVersion "1"]
[SourceVersionDate "2015.10.08"]
[SourceQuality "1"]

1. Nf3 Nf6 2. d4 g6 3. c4 Bg7 4. g3 0-0 5. Bg2 d6 6. 0-0 c5 7. Nc3 Nc6 8. d5 Na5 9. Qd3 e6 10. e4 exd5 11. cxd5 Re8 12. Bf4 Nh5 13. Bg5 Qc7 14. Nb5 Qb6 15. Nxd6 Qxd6 16. Qb5 Bd7 17. Qxa5 Rxe4 18. Nd2 Ra4 19. Ne4 Qe5 20. Qe1 Rxe4 21. Qxe4 Qxg5 22. Rac1 Bb5 23. Rfe1 Bd4 24. Qf3 Nf6 25. h3 Rd8 26. Qb3 Ba6 27. Rcd1 Nh5 28. h4 Qf5 29. Rd2 Nf6 30. Bf3 Nxd5 31. Be4 Qe6 32. Qd1 Re8 33. Kg2 Ne3+ 34. Rxe3 Bxe3 35. Bd5 Qf5 36. fxe3 Rxe3 37. Rf2 Re2 38. Bxf7+ Qxf7 39. Rxe2 Bxe2 40. Qxe2 b6 41. b3 Qd5+ 42. Kh2 Kf7 43. Qf2+ Qf5 44. Qe2 h6 45. Qa6 Qd7 46. Qc4+ Kg7 47. Qf4 Qe7 48. Qf3 Qf7 49. Qe3 Qf6 50. Qe8 Qf2+ 51. Kh1 Qf3+ 52. Kh2 Qf2+ 53. Kh1 Qf3+ 1/2-1/2

[Event "Benidorm op U2300 13th"]
[Site "Benidorm"]
[Date "2014.12.07"]
[Round "10"]
[White "Parals Marce, Luis"]
[Black "Nicolas Zapata, Irene"]
[Result "0-1"]
[WhiteElo "1972"]
[BlackElo "2202"]
[PlyCount "54"]
[EventDate "2014.11.28"]
[EventType "swiss"]
[EventRounds "10"]
[EventCountry "ESP"]
[SourceTitle "CBM 163 Extra"]
[Source "ChessBase"]
[SourceDate "2014.12.23"]
[SourceVersion "1"]
[SourceVersionDate "2014.12.23"]
[SourceQuality "1"]

1. c4 e5 2. g3 Nc6 3. Bg2 Bc5 4. e3 d6 5. Nc3 a6 6. Nge2 Nf6 7. 0-0 0-0 8. a3 Bf5 9. b4 Ba7 10. d4 Qc8 11. Nd5 Nxd5 12. cxd5 Ne7 13. dxe5 dxe5 14. Bb2 f6 15. Rc1 Rd8 16. Qb3 Kh8 17. Rfd1 Qd7 18. Kh1 Rac8 19. Nc3 Bh3 20. Na4 Bxg2+ 21. Kxg2 Qf5 22. Kg1 Qf3 23. Nc5 Bxc5 24. Rxc5 b6 25. Rcc1 Nxd5 26. Qa4 Rd6 27. Rd2 Nxe3 0-1

[Event "ESP-ch 79th"]
[Site "Linares"]
[Date "2014.08.27"]
[Round "3"]
[White "Meco Benitez, Jose Luis"]
[Black "Nicolas Zapata, Irene"]
[Result "1/2-1/2"]
[WhiteElo "2028"]
[BlackElo "2284"]
[PlyCount "82"]
[EventDate "2014.08.25"]
[EventType "swiss"]
[EventRounds "9"]
[EventCountry "ESP"]
[SourceTitle "CBM 162 Extra"]
[Source "ChessBase"]
[SourceDate "2014.10.17"]
[SourceVersion "1"]
[SourceVersionDate "2014.10.17"]
[SourceQuality "1"]

1. e4 c5 2. Nf3 Nc6 3. Bb5 Nd4 4. Nxd4 cxd4 5. 0-0 a6 6. Bc4 b5 7. Bb3 Bb7 8. d3 e6 9. c3 dxc3 10. Nxc3 g6 11. Be3 Bg7 12. Qd2 Ne7 13. Bh6 0-0 14. Bxg7 Kxg7 15. Rae1 d5 16. e5 f6 17. d4 Nc6 18. f4 Qb6 19. exf6+ Rxf6 20. Rd1 Raf8 21. Kh1 a5 22. Bc2 Ba6 23. Ne2 b4 24. Bd3 Bxd3 25. Qxd3 a4 26. Rc1 Na5 27. Rc5 Nc4 28. b3 axb3 29. axb3 Nd6 30. Rfc1 Ne4 31. Qb5 Qxb5 32. Rxb5 Nf2+ 33. Kg1 Nd3 34. Rc7+ R8f7 35. Rbb7 Rxc7 36. Rxc7+ Rf7 37. Rxf7+ Kxf7 38. g3 Kf6 39. Kg2 Kf5 40. Kf3 Ne1+ 41. Kf2 Nd3+ 1/2-1/2

[Event "ESP-ch 79th"]
[Site "Linares"]
[Date "2014.08.26"]
[Round "2"]
[White "Nicolas Zapata, Irene"]
[Black "Korneev, Oleg"]
[Result "0-1"]
[WhiteElo "2284"]
[BlackElo "2590"]
[PlyCount "76"]
[EventDate "2014.08.25"]
[EventType "swiss"]
[EventRounds "9"]
[EventCountry "ESP"]
[SourceTitle "CBM 162 Extra"]
[Source "ChessBase"]
[SourceDate "2014.10.17"]
[SourceVersion "1"]
[SourceVersionDate "2014.10.17"]
[SourceQuality "1"]

1. d4 Nf6 2. Nf3 d5 3. c4 c6 4. Nc3 e6 5. g3 Nbd7 6. Bg2 Be7 7. b3 0-0 8. Bb2 Ne4 9. cxd5 Nxc3 10. Bxc3 exd5 11. 0-0 Nf6 12. Ne5 Bf5 13. Qe1 Qc8 14. Bb4 Bxb4 15. Qxb4 a5 16. Qd2 Bh3 17. f3 Bxg2 18. Kxg2 Re8 19. a3 Nd7 20. Nxd7 Qxd7 21. b4 Ra6 22. bxa5 Rea8 23. Rfb1 Rxa5 24. Rb3 Ra4 25. Rab1 b5 26. Qf4 h6 27. Qe3 Re8 28. Qd3 Qe7 29. R1b2 Rea8 30. e4 dxe4 31. fxe4 Rxa3 32. e5 Rxb3 33. Qxb3 Ra3 34. Qc2 Qe6 35. Qe4 Ra2 36. Rxa2 Qxa2+ 37. Kg1 Qd5 38. Qg4 b4 0-1

[Event "La Roda op 41st"]
[Site "La Roda"]
[Date "2014.04.20"]
[Round "9"]
[White "Matamoros Franco, Carlos S"]
[Black "Nicolas Zapata, Irene"]
[Result "1/2-1/2"]
[WhiteElo "2533"]
[BlackElo "2267"]
[PlyCount "52"]
[EventDate "2014.04.16"]
[EventType "swiss"]
[EventRounds "9"]
[EventCountry "ESP"]
[SourceTitle "CBM 159 Extra"]
[Source "ChessBase"]
[SourceDate "2014.04.24"]
[SourceVersion "1"]
[SourceVersionDate "2014.04.24"]
[SourceQuality "1"]

1. Nf3 g6 2. d4 Bg7 3. c4 c6 4. Nc3 d5 5. Bf4 Nf6 6. e3 0-0 7. Bd3 dxc4 8. Bxc4 b5 9. Be2 Bb7 10. 0-0 Nbd7 11. Qb3 Nh5 12. Bg5 h6 13. Bh4 g5 14. Bg3 Nxg3 15. hxg3 a6 16. Ne4 e5 17. Nd6 exd4 18. Nxb7 Qc7 19. Nxd4 Qxb7 20. Rac1 Bxd4 21. exd4 Nf6 22. Qf3 Nd5 23. Bd3 Qd7 24. Bf5 Qd6 25. Be4 Rad8 26. Rc5 Rfe8 1/2-1/2

[Event "La Roda op 41st"]
[Site "La Roda"]
[Date "2014.04.20"]
[Round "8"]
[White "Nicolas Zapata, Irene"]
[Black "Maiorov, Nikita"]
[Result "1-0"]
[WhiteElo "2267"]
[BlackElo "2522"]
[PlyCount "56"]
[EventDate "2014.04.16"]
[EventType "swiss"]
[EventRounds "9"]
[EventCountry "ESP"]
[SourceTitle "CBM 159 Extra"]
[Source "ChessBase"]
[SourceDate "2014.04.24"]
[SourceVersion "1"]
[SourceVersionDate "2014.04.24"]
[SourceQuality "1"]

1. d4 Nf6 2. Nf3 e6 3. e3 b6 4. Bd3 Bb7 5. 0-0 Be7 6. c4 c5 7. Nc3 a6 8. b3 0-0 9. d5 exd5 10. cxd5 d6 11. e4 Nbd7 12. a4 Ng4 13. Nd2 Bf6 14. Bb2 Nge5 15. Be2 Ng6 16. g3 Re8 17. Nc4 Nde5 18. Ne3 Nd7 19. Nf5 Qc7 20. h4 Bc8 21. h5 Ngf8 22. Qd2 h6 23. Nd1 Rxe4 24. Bd3 Re8 25. Nde3 Nh7 26. Nxh6+ gxh6 27. Ng4 Bxb2 28. Qxb2 f6 1-0

[Event "La Roda op 41st"]
[Site "La Roda"]
[Date "2014.04.19"]
[Round "7"]
[White "Plaskett, H James"]
[Black "Nicolas Zapata, Irene"]
[Result "0-1"]
[WhiteElo "2496"]
[BlackElo "2267"]
[PlyCount "71"]
[EventDate "2014.04.16"]
[EventType "swiss"]
[EventRounds "9"]
[EventCountry "ESP"]
[SourceTitle "CBM 159 Extra"]
[Source "ChessBase"]
[SourceDate "2014.04.24"]
[SourceVersion "1"]
[SourceVersionDate "2014.04.24"]
[SourceQuality "1"]

1. e4 c5 2. Nc3 Nc6 3. Bb5 Nd4 4. Nf3 a6 5. Bc4 b5 6. Bd5 Rb8 7. d3 e6 8. Bb3 Nxb3 9. axb3 d6 10. d4 cxd4 11. Qxd4 Nf6 12. Bg5 h6 13. Bxf6 gxf6 14. 0-0-0 Be7 15. Qe3 b4 16. Na2 Qc7 17. Nd2 a5 18. Kb1 Bd7 19. Rc1 a4 20. Rhd1 h5 21. c3 bxc3 22. Rxc3 Qb7 23. b4 Rg8 24. g3 d5 25. exd5 Qxd5 26. Rd3 Qe5 27. Qf3 Bb5 28. Re3 Qg5 29. Ne4 Qg4 30. Nac3 f5 31. Nd6+ Bxd6 32. Nxb5 Rxb5 33. Qc6+ Kf8 34. Qxd6+ Kg7 35. Rd4 Qh3 36. Ka2 0-1

[Event "La Roda op 41st"]
[Site "La Roda"]
[Date "2014.04.18"]
[Round "4"]
[White "Silva, Miguel Antonio Neto"]
[Black "Nicolas Zapata, Irene"]
[Result "1/2-1/2"]
[WhiteElo "2147"]
[BlackElo "2267"]
[PlyCount "152"]
[EventDate "2014.04.16"]
[EventType "swiss"]
[EventRounds "9"]
[EventCountry "ESP"]
[SourceTitle "CBM 159 Extra"]
[Source "ChessBase"]
[SourceDate "2014.04.24"]
[SourceVersion "1"]
[SourceVersionDate "2014.04.24"]
[SourceQuality "1"]

1. d4 Nf6 2. Nf3 b6 3. g3 Bb7 4. Bg2 c5 5. c4 cxd4 6. 0-0 Nc6 7. Nxd4 Rc8 8. Nc3 g6 9. b3 Bg7 10. Bb2 0-0 11. Nxc6 Bxc6 12. Bxc6 Rxc6 13. Nd5 Nxd5 14. Bxg7 Ne3 15. Qd3 Nxf1 16. Bxf8 Rd6 17. Qc3 Qxf8 18. Rxf1 Qg7 19. Qf3 Qb2 20. Qe4 Re6 21. Qa8+ Kg7 22. Qxa7 Qxe2 23. Qxd7 Qxa2 24. Qd4+ f6 25. b4 Qc2 26. Qd5 Re4 27. Qb7 Qxc4 28. Qxb6 Qxb4 29. Qd8 Qd4 30. Qe8 Re2 31. Qb5 Qe5 32. Qb4 g5 33. Qg4 Qe4 34. Qh5 Rd2 35. Qe8 Qe2 36. Qa4 h5 37. h4 gxh4 38. Qxh4 Qg4 39. Qxg4+ hxg4 40. Re1 Kf7 41. Kf1 f5 42. Re5 Kf6 43. Ra5 e6 44. Ke1 Rd5 45. Ra6 Ke5 46. Ke2 Rd6 47. Ra4 Rd4 48. Ra6 Re4+ 49. Kd3 Kf6 50. Rb6 Re5 51. Rb7 Ra5 52. Rb6 Ra3+ 53. Ke2 Rf3 54. Ra6 f4 55. gxf4 Rxf4 56. Ra8 Rf5 57. Rg8 Rg5 58. Rf8+ Ke5 59. f4+ gxf3+ 60. Rxf3 Rg2+ 61. Kf1 Rh2 62. Rb3 Kf5 63. Ke1 e5 64. Rc3 Ke4 65. Rb3 Kf4 66. Rc3 e4 67. Rb3 Rh1+ 68. Ke2 Rg1 69. Ra3 Rg2+ 70. Kf1 Rd2 71. Ke1 Rd3 72. Rxd3 exd3 73. Kd2 Ke4 74. Kd1 Ke3 75. Ke1 d2+ 76. Kd1 Kd3 1/2-1/2

[Event "La Roda op 41st"]
[Site "La Roda"]
[Date "2014.04.17"]
[Round "3"]
[White "Nicolas Zapata, Irene"]
[Black "Paunovic, Dragan"]
[Result "1/2-1/2"]
[WhiteElo "2267"]
[BlackElo "2497"]
[PlyCount "38"]
[EventDate "2014.04.16"]
[EventType "swiss"]
[EventRounds "9"]
[EventCountry "ESP"]
[SourceTitle "CBM 159 Extra"]
[Source "ChessBase"]
[SourceDate "2014.04.24"]
[SourceVersion "1"]
[SourceVersionDate "2014.04.24"]
[SourceQuality "1"]

1. d4 g6 2. Nf3 d6 3. g3 Nf6 4. Bg2 Bg7 5. 0-0 0-0 6. c4 c6 7. Nc3 Bf5 8. Ng5 h6 9. e4 Bg4 10. f3 Bd7 11. Nh3 e5 12. Be3 Qb6 13. Na4 Qc7 14. Qd2 Kh7 15. dxe5 dxe5 16. Nc5 b6 17. Nxd7 Nbxd7 18. Rfd1 Nc5 19. Qd6 Ne6 1/2-1/2

[Event "Gibraltar Challengers-B 12th"]
[Site "Caleta"]
[Date "2014.02.05"]
[Round "5"]
[White "Nicolas Zapata, Irene"]
[Black "Galmandakh, Badrakh"]
[Result "1-0"]
[WhiteElo "2261"]
[BlackElo "2225"]
[PlyCount "39"]
[EventDate "2014.02.01"]
[EventType "swiss"]
[EventRounds "5"]
[EventCountry "GGB"]
[SourceTitle "CBM 158 Extra"]
[Source "ChessBase"]
[SourceDate "2014.02.28"]
[SourceVersion "1"]
[SourceVersionDate "2014.02.28"]
[SourceQuality "1"]

1. d4 g6 2. e4 Bg7 3. Be3 e5 4. dxe5 Bxe5 5. Nc3 d6 6. Nf3 Bg7 7. Bc4 Nf6 8. e5 Ng4 9. Bg5 Qd7 10. Qe2 0-0 11. 0-0-0 Nxe5 12. Nxe5 Bxe5 13. Nd5 c6 14. Nf6+ Bxf6 15. Bxf6 d5 16. Bc3 Qg4 17. Qe3 Qxc4 18. Rd4 Qc5 19. Qh6 Qe7 20. Re4 1-0

[Event "Gibraltar Masters 12th"]
[Site "Caleta"]
[Date "2014.02.01"]
[Round "5"]
[White "Biegel, Thomas"]
[Black "Nicolas Zapata, Irene"]
[Result "1/2-1/2"]
[WhiteElo "2059"]
[BlackElo "2248"]
[PlyCount "127"]
[EventDate "2014.01.28"]
[EventType "swiss"]
[EventRounds "10"]
[EventCountry "GGB"]
[SourceTitle "CBM 159"]
[Source "ChessBase"]
[SourceDate "2014.03.17"]
[SourceVersion "1"]
[SourceVersionDate "2014.03.17"]
[SourceQuality "1"]

1. Nf3 Nf6 2. c4 e6 3. g3 d5 4. Bg2 Be7 5. 0-0 0-0 6. b3 b6 7. Bb2 Bb7 8. e3 Nbd7 9. Qe2 dxc4 10. bxc4 c5 11. d3 Qc7 12. Nc3 a6 13. Rfd1 Rfd8 14. Rab1 Ng4 15. h3 Nge5 16. Nxe5 Nxe5 17. Bxb7 Qxb7 18. f4 Nd7 19. Ne4 h6 20. Qg4 Bf8 21. Qe2 Qc6 22. Nc3 b5 23. Ba1 Rab8 24. Qg2 Qxg2+ 25. Kxg2 b4 26. Na4 Rbc8 27. Kf3 Nb8 28. Nb6 Rc7 29. Ke2 Nc6 30. Na4 Na5 31. Rd2 Rcd7 32. Rdd1 Rb7 33. Rd2 f6 34. Rdd1 Rdb8 35. Rd2 b3 36. a3 Kf7 37. Bc3 Nc6 38. Rbd1 Ke8 39. Kf3 Kd7 40. Rb2 Be7 41. Ke2 h5 42. Kf3 Bd6 43. Rg1 Ke7 44. Rf1 Kf7 45. Rfb1 Ne7 46. Rg1 g5 47. Rgb1 Nf5 48. Be1 g4+ 49. hxg4 hxg4+ 50. Ke2 Rh8 51. Bf2 Rh2 52. Rg1 e5 53. Kf1 Rh3 54. Kg2 Ke8 55. Rh1 Rxh1 56. Kxh1 exf4 57. gxf4 g3 58. Bg1 Rg7 59. Kg2 Nh4+ 60. Kf1 Nf3 61. Nc3 Be7 62. Nb1 f5 63. Rxb3 Kf7 64. Kg2 1/2-1/2

[Event "Gibraltar Challengers-A 12th"]
[Site "Caleta"]
[Date "2014.01.31"]
[Round "5"]
[White "Nicolas Zapata, Irene"]
[Black "Rodriguez Alvarez, Vidal Hely"]
[Result "1-0"]
[WhiteElo "2249"]
[BlackElo "2166"]
[PlyCount "127"]
[EventDate "2014.01.27"]
[EventType "swiss"]
[EventRounds "5"]
[EventCountry "GGB"]
[SourceTitle "CBM 158 Extra"]
[Source "ChessBase"]
[SourceDate "2014.02.28"]
[SourceVersion "1"]
[SourceVersionDate "2014.02.28"]
[SourceQuality "1"]

1. d4 Nf6 2. Nf3 d5 3. c4 e6 4. e3 c5 5. cxd5 Nxd5 6. e4 Nf6 7. Nc3 cxd4 8. Nxd4 Be7 9. Bc4 Qc7 10. Bb3 a6 11. Be3 Nc6 12. Rc1 Bd7 13. 0-0 Rc8 14. f4 Nxd4 15. Bxd4 Bc6 16. f5 e5 17. Bf2 Qb8 18. Qf3 0-0 19. g4 h6 20. h4 Nh7 21. Qg3 Rfd8 22. Bd5 Bxd5 23. Nxd5 Bf6 24. Be3 Rxc1 25. Bxc1 Qd6 26. g5 hxg5 27. hxg5 Be7 28. g6 Nf6 29. gxf7+ Kxf7 30. Nxf6 Bxf6 31. Be3 Qd3 32. Qf3 Kg8 33. Bb6 Qxf3 34. Rxf3 Rd7 35. Rb3 Kf7 36. Kf1 g6 37. fxg6+ Kxg6 38. Ke2 Bg5 39. Rd3 Rxd3 40. Kxd3 Kf7 41. Kc4 Ke6 42. Bc7 Be3 43. Ba5 b5+ 44. Kd3 Bd4 45. b3 Kd6 46. Bb4+ Kc6 47. Ke2 Kd7 48. Kf3 Ke6 49. Kg4 Kf6 50. Kh5 Be3 51. Ba5 Bf4 52. Bd8+ Kf7 53. Bg5 Bh2 54. Be3 Kf6 55. Kg4 Ke6 56. b4 Kf6 57. Kh3 Bf4 58. Bxf4 exf4 59. Kg4 Ke5 60. Kf3 Kd4 61. Kxf4 Kc4 62. e5 Kxb4 63. e6 Ka3 64. e7 1-0

[Event "Gibraltar Masters 12th"]
[Site "Caleta"]
[Date "2014.01.30"]
[Round "3"]
[White "Khotenashvili, Bela"]
[Black "Nicolas Zapata, Irene"]
[Result "1/2-1/2"]
[WhiteElo "2527"]
[BlackElo "2248"]
[PlyCount "59"]
[EventDate "2014.01.28"]
[EventType "swiss"]
[EventRounds "10"]
[EventCountry "GGB"]
[SourceTitle "CBM 159"]
[Source "ChessBase"]
[SourceDate "2014.03.17"]
[SourceVersion "1"]
[SourceVersionDate "2014.03.17"]
[SourceQuality "1"]

1. Nf3 Nf6 2. g3 d5 3. Bg2 e6 4. 0-0 Be7 5. d3 0-0 6. Nbd2 c5 7. e4 Nc6 8. e5 Nd7 9. Re1 Qc7 10. Qe2 b6 11. c3 a5 12. Nf1 Ba6 13. Bf4 b5 14. h4 b4 15. N1h2 a4 16. c4 dxc4 17. dxc4 b3 18. axb3 axb3 19. h5 Nb4 20. Rac1 Nc2 21. Red1 Nb6 22. Nd2 Nd4 23. Qe3 Rad8 24. Nhf3 Na4 25. Nxd4 cxd4 26. Qxb3 Nc5 27. Qc2 Bb7 28. Bxb7 Qxb7 29. b3 h6 30. Re1 1/2-1/2